000 00480nam a22001697a 4500
005 20260303114711.0
008 260303b |||||||| |||| 00| 0 eng d
020 _a9789914709681
050 _aTX 165.M46 2025 V.10
100 _aOPONDO,DR.JOSPHINE
245 _aMENTOR HOME SCIENCE
260 _aNAIROBI,KENYA
_bMENTOR PUBLISHING COMPANY
_c2025
300 _a111,292P.
650 _aHOME SCIENCE TEXTBOOK
700 _aKARANJA ESTHER,KINGONDU M. FRANCIS
942 _2lcc
_cBK
999 _c216754
_d216754